Operacja Reszka

Titel: Operacja Reszka [Bildtonträger] / Włodzimierz Kuligowski
Beteiligt:
Veröffentlicht: 2010
Umfang: 1 DVD-ROM
Format: DVD
Sprache: Polnisch
Schriftenreihe/
mehrbändiges Werk:
Biuletyn Instytutu Pamie̜ci Narodowej. [CD-ROM-Beilage] ; 2010,3,dod.
Kein Bild verfügbar
X
Lokale Klassifikation: 2 J 968 ; 32 7 Od ; 32 14 D
alg: 22783250
001A    $03004:11-10-10 
001B    $01999:03-06-23 $t05:12:41.000 
001D    $03004:11-10-10 
001U    $0utf8 
001X    $00 
002@    $0Sau 
003@    $0227832507 
003O    $0669799541 $aOCoLC 
007A    $0227832507 $aHEB 
007T    $0Herdhh227832507 
010@    $apol 
011@    $a2010 
016A    $aDf 
021A    $aOperacja Reszka $hWłodzimierz Kuligowski $nBildtonträger 
028C    $7 $8Kuligowski, Włodzimierz [Tnd] $9266886027 
034D    $a1 DVD-ROM 
036E    $aBiuletyn Instytutu Pamie̜ci Narodowej. [CD-ROM-Beilage] $l2010,3,dod. 
036F    $x42010 13 dod $8Biuletyn Instytutu Pamięci Narodowej. [CD-ROM-Beilage] $9198982321 $l2010,3,dod. 
045F    $a909 $eDDC23BSB 
045F/01 $a909 
045F/03 $f0904 
045F/03 $g438 
045G    $a351.09 $eDDC23BSB 
045G/01 $a351.09 
045G/03 $g438 

lok: 22783250 24
101B    $011-10-10 $t13:48:52.000 
101C    $011-10-10 
101U    $0utf8 
145Z/01 $a2 J 968 
145Z/02 $a32 7 Od 
145Z/03 $a32 14 D 

exp: 22783250 24 1 #EPN
201B/01 $011-10-10 $t13:50:11.000 
201C/01 $011-10-10 
201U/01 $0utf8 
203@/01 $060014075X 
208@/01 $a11-10-10 $bz 
209A/01 $aDVD-ROM 77 $du $f050 $hDVD ROM 77 $x00 
209C/01 $a10.5521 K $h10 5521 K 
209G/01 $a72674928 $x00 
220C/01 $anie 
244Z/01 $7142519626 $8--Tp1--Jegliński, Piotr$Z1951- $x01 $9227834267 
247C/01 $8358050-7 Marburg, Bibliothek des Herder-Instituts Marburg $9102600961 

lok: 22783250 78

exp: 22783250 78 1 #EPN
201B/01 $019-04-17 $t21:53:33.000 
201U/01 $0utf8 
203@/01 $079454312X 
208@/01 $a12-11-16 $be 
209A/01 $a/ $f000 $x00 
220C/01 $aAnmerkung: *ng / *11 
237A/01 $aweiterführende Signatur(en): Herder-Institut: DVD-ROM 77 
244Z/01 $2Trx $#Poola $#Lenkija $#Polija $#Polen Land $#Poland $#Lengyelország $#Poľsko $#Polsko $8--Trx--Polska$gkraj $x01 $9391345966 
245Z/01 $a07.04 $x01 
247C/01 $82080>Marburg/Lahn, Herder-Institut, Forschungsbibliothek, Bibliographieportal $9336309341
LEADER 00000cam a2200000 c 4500
001 227832507
003 DE-603
005 20230603051241.0
007 co||||||||||||
008 101011s2010 xx |||| q| u00||u|pol c
035 |a (DE-599)HEB227832507 
035 |a (OCoLC)669799541 
040 |a DE-603  |b ger  |c DE-603  |d DE-603 
041 |a pol 
082 0 4 |8 1\u  |a 909  |q DE-101  |2 23/BSB 
083 0 |8 2\u  |a 351.09  |q DE-101  |2 23/BSB 
085 |8 1\u  |b 909 
085 |8 1\u  |z 1  |s 0904 
085 |8 1\u  |z 2  |s 438 
085 |8 2\u  |b 351.09 
085 |8 2\u  |z 2  |s 438 
245 0 0 |a Operacja Reszka  |h [Bildtonträger]  |c Włodzimierz Kuligowski 
264 0 |c 2010 
300 |a 1 DVD-ROM 
490 1 |a Biuletyn Instytutu Pamie̜ci Narodowej. [CD-ROM-Beilage]  |v 2010,3,dod. 
700 1 |a Kuligowski, Włodzimierz  |0 (DE-603)266886027 
810 2 2 |a Instytut Pamięci Narodowej  |t Biuletyn Instytutu Pamięci Narodowej  |p [CD-ROM-Beilage]  |v 2010,3,dod.  |w (DE-603)198982321  |9 42010 13 dod  |7 gs 
924 0 |9 Mb 50  |a (DE-603)60014075X  |b DE-Mb50  |c HES  |d c  |g DVD-ROM 77 
924 0 |9 2080  |a (DE-603)79454312X  |b DE-2080  |c HES  |d d  |g /